LEADER 03802nam 2200877 450 001 9910464899303321 005 20200520144314.0 010 $a1-60649-705-7 035 $a(CKB)3710000000086670 035 $a(OCoLC)867482117 035 $a(CaPaEBR)ebrary10821751 035 $a(SSID)ssj0001141679 035 $a(PQKBManifestationID)12411481 035 $a(PQKBTitleCode)TC0001141679 035 $a(PQKBWorkID)11091384 035 $a(PQKB)10424818 035 $a(CaBNVSL)swl00402993 035 $a(MiAaPQ)EBC1575554 035 $a(Au-PeEL)EBL1575554 035 $a(CaPaEBR)ebr10821751 035 $a(EXLCZ)993710000000086670 100 $a20140103d2014 fy 0 101 0 $aeng 135 $aurcnu|||||||| 181 $ctxt 182 $cc 183 $acr 200 10$aBelief systems, religion, and behavioral economics $emarketing in multicultural environments /$fElizabeth A. Minton and Lynn R. Kahle 205 $aFirst edition. 210 1$aNew York, New York (222 East 46th Street, New York, NY 10017) :$cBusiness Expert Press,$d2014. 215 $a1 online resource (162 p.) 225 1 $aEconomics collection,$x2163-7628 300 $aPart of: 2014 digital library. 311 $a1-60649-704-9 320 $aIncludes bibliographical references (pages 123-135) and index. 327 $aPreface -- 1. Behavioral economics and belief systems -- 2. Demystifying belief systems -- 3. Belief systems of the western world & interpretations for behavioral economics -- 4. Belief systems of the eastern world & interpretations for behavioral economics -- 5. The disconnect between belief systems and behavioral economics -- 6. Comparing belief systems: influences on behavioral economics -- 7. Comparing belief systems: influences on consumers -- 8. Managerial implications for businesses -- 9. Cases -- 10. Conclusion -- Appendix -- Notes -- References -- Index. 330 3 $aReligion is a topic that businesses often ignore, in spite of 70% of the world being religious. Whether the silence results from the taboo nature of the topic or the thought that religion is a separate domain from consumption and business, it cannot be denied that it has received scant attention. Many do not realize (or resist) the idea that religion is a key contributor to a consumer's core values, which then contribute to consumption decisions, voting practices, reaction to pro-social messages and public policy, as well as donating behavior. 410 0$a2014 digital library. 410 0$aEconomics collection.$x2163-7628. 606 $aEconomics$xReligious aspects 606 $aEconomics$xPsychological aspects 606 $aMulticulturalism in advertising 606 $aConsumer behavior$xReligious aspects 608 $aElectronic books. 610 $areligion 610 $areligiosity 610 $areligious affiliation 610 $abelief systems 610 $aChristian 610 $aJew 610 $aMuslim 610 $aHindu 610 $aBuddhist 610 $aConfucianist 610 $aTaoist 610 $abehavioral economics 610 $aconsumer behavior 610 $adecision making 610 $amorality 610 $adonation behavior 610 $asustainability 610 $aholidays 615 0$aEconomics$xReligious aspects. 615 0$aEconomics$xPsychological aspects. 615 0$aMulticulturalism in advertising. 615 0$aConsumer behavior$xReligious aspects. 676 $a174 700 $aMinton$b Elizabeth A.$0871547 702 $aKahle$b Lynn R. 801 0$bMiAaPQ 801 1$bMiAaPQ 801 2$bMiAaPQ 906 $aBOOK 912 $a9910464899303321 996 $aBelief systems, religion, and behavioral economics$91945566 997 $aUNINA LEADER 02841nam 2200577 450 001 9910463741703321 005 20200520144314.0 010 $a1-78238-255-0 035 $a(CKB)2670000000502867 035 $a(EBL)1375267 035 $a(SSID)ssj0001108306 035 $a(PQKBManifestationID)12487000 035 $a(PQKBTitleCode)TC0001108306 035 $a(PQKBWorkID)11086159 035 $a(PQKB)10891541 035 $a(MiAaPQ)EBC1375267 035 $a(Au-PeEL)EBL1375267 035 $a(CaPaEBR)ebr10833627 035 $a(CaONFJC)MIL571848 035 $a(OCoLC)869519868 035 $a(EXLCZ)992670000000502867 100 $a20130502d2014 uy| 0 101 0 $aeng 135 $aur|n|---||||| 181 $ctxt 182 $cc 183 $acr 200 14$aThe history of the Stasi $eEast Germany's secret police, 1945-1990 /$fJens Gieseke ; translated by David Burnett 210 1$aNew York :$cBerghahn Books,$d2014. 215 $a1 online resource (277 p.) 300 $aOriginally published under title: Mielke-Konzern. Stuttgart : Deutsche Verlags-Anstalt, 2001. 311 $a1-78238-254-2 311 $a1-306-40597-1 320 $aIncludes bibliographical references and index. 327 $aAntifascism, Stalinism, cold civil war : origins and influences, 1945 to 1956 -- The safest GDR in the world : the driving forces of Stasi growth -- The unofficial collaborator : a new type of informer -- Blanket surveillance? state security in East German society -- Resistance, opposition, persecution -- Wolf and Co. : MFS operations abroad -- Final crisis and collapse, 1989-90 -- Legacy, aufarbeitung, culture of memory : the second life of the Stasi. 330 $a The East German Ministry for State Security stood for Stalinist oppression and all-encompassing surveillance. The "shield and sword of the party," it secured the rule of the Communist Party for more than forty years, and by the 1980s it had become the largest secret-police apparatus in the world, per capita. Jens Gieseke tells the story of the Stasi, a feared secret-police force and a highly professional intelligence service. He inquires into the mechanisms of dictatorship and the day-to-day effects of surveillance and suspicion. Masterful and thorough at once, he takes the reader through t 606 $aInternal security$zGermany (East)$xHistory 606 $aSecret service$zGermany (East)$xHistory 608 $aElectronic books. 615 0$aInternal security$xHistory. 615 0$aSecret service$xHistory. 676 $a363.28/30943109045 700 $aGieseke$b Jens$0865121 701 $aBurnett$b David$0643531 801 0$bMiAaPQ 801 1$bMiAaPQ 801 2$bMiAaPQ 906 $aBOOK 912 $a9910463741703321 996 $aThe history of the Stasi$91931024 997 $aUNINA